| Tag |
First Indicator |
Second Indicator |
Subfields |
| LEADER |
00000cam a2200000 a 4500 |
| 001 |
in00001406818 |
| 005 |
20151020072940.0 |
| 008 |
920505s1993 nyua j 000 0 eng |
| 010 |
|
|
|a 92016034
|
| 020 |
|
|
|a 0590457705 :
|c $14.95
|
| 035 |
|
|
|a (OCoLC)26053349
|
| 035 |
|
|
|9 AHQ3774AM
|
| 040 |
|
|
|a DLC
|c DLC
|d VPL
|d TAI
|d UtOrBLW
|
| 043 |
|
|
|a n-us---
|
| 049 |
|
|
|a TXAG
|
| 050 |
0 |
0 |
|a PS591.N4
|b P27 1993
|
| 082 |
0 |
0 |
|a 811.008/09282/08996073
|2 20
|
| 245 |
0 |
0 |
|a Pass it on :
|b African-American poetry for children /
|c selected by Wade Hudson ; illustrated by Floyd Cooper.
|
| 264 |
|
1 |
|a New York :
|b Scholastic Inc.,
|c [1993]
|
| 264 |
|
4 |
|c ©1993
|
| 300 |
|
|
|a 32 pages :
|b color illustrations ;
|c 28 cm.
|
| 336 |
|
|
|a text
|b txt
|2 rdacontent
|
| 337 |
|
|
|a unmediated
|b n
|2 rdamedia
|
| 338 |
|
|
|a volume
|b nc
|2 rdacarrier
|
| 500 |
|
|
|a "Just us books"--Cover.
|
| 520 |
|
|
|a An illustrated collection of poetry by such Afro-American poets as Langston Hughes, Nikki Giovanni, Eloise Greenfield, and Lucille Clifton.
|
| 650 |
|
0 |
|a Children's poetry, American.
|
| 650 |
|
0 |
|a American poetry
|x African American authors.
|
| 650 |
|
0 |
|a African Americans
|v Juvenile poetry.
|
| 650 |
|
1 |
|a American poetry
|x African American authors.
|
| 650 |
|
1 |
|a African Americans
|v Poetry.
|
| 650 |
|
8 |
|a American poetry
|x Black authors
|x Collections.
|
| 650 |
|
8 |
|a Blacks
|x Poetry.
|
| 700 |
1 |
|
|a Hudson, Wade.
|
| 700 |
1 |
|
|a Cooper, Floyd,
|e illustrator.
|
| 999 |
|
|
|a MARS
|
| 999 |
f |
f |
|s f8f14059-fab7-3679-a545-c1375980271e
|i 6f7550ca-c5bc-3048-a183-10423fec9418
|t 0
|
| 952 |
f |
f |
|p normal
|a Texas A&M University
|b College Station
|c Sterling C. Evans Library
|d Evans: Curriculum Collection (4th floor)
|t 0
|e PS591 B53 P27 1993
|h Library of Congress classification
|i unmediated -- volume
|m A14822252921
|
| 998 |
f |
f |
|a PS591 B53 P27 1993
|t 0
|l Evans: Curriculum Collection (4th floor)
|